000
00349cam a2200157ua 4500
041
_a
eng
_h
082
_a
823.308
_b
LLE/HO
100
_a
Liewellyn, Richard .
245
_a
How green was my valley
250
_a
1 /
_b
.
260
_a
London :
_b
Michael joseph ,
_c
1963.
300
_a
447 ; .
504
_a
942
_c
BK
999
_c
7670
_d
7670